000 00206nam a22000857a 4500
008 170207b xxu||||| |||| 00| 0 eng d
100 _92791
_aCBSE
245 _aAffiliaon Bye Laws
260 _aNew Delhi
_bCBSE
_c2014
999 _c5989
_d5989